| 000 | 00840nam a22002297a 4500 | ||
|---|---|---|---|
| 003 | UA-OsUOA | ||
| 001 | 61260 | ||
| 007 | ta | ||
| 008 | 20090624b un ||||| |||| 00| 0 ukr d | ||
| 090 |
_a373.51 _bІ-66 |
||
| 942 | _cBK | ||
| 040 |
_aUA-OsUOA _bukr _cUA-OsUOA _dUA-OsUOA |
||
| 245 |
_aІнноваційні педагогічні технології в практиці роботи загальноосвітніх навчальних закладів України _bІнформаційно-аналітичний довідник _cЗа ред Завалевського Ю. І. |
||
| 300 | _a200 с. | ||
| 955 | _a2 | ||
| 041 | _aukr | ||
| 080 | _a373.51 | ||
| 020 | _a978-966-8874-38-3 | ||
| 260 |
_aСуми _bАнтей _c2007 |
||
| 650 | 7 |
_a373 Види загальноосвітніх шкіл _2UDC |
|
| 999 |
_c347155 _d347155 |
||